| 000 | 00472nam a2200157Ia 4500 | ||
|---|---|---|---|
| 005 | 20250304094423.0 | ||
| 008 | 231217s9999 xx 000 0 und d | ||
| 020 | _a9788131401545 | ||
| 082 | _a658.11 SUM;1 R | ||
| 100 | _aSumati, Reddy ed.1 | ||
| 245 | 0 | _aMergers and acquisitions : the strategic role of human resource management | |
| 260 |
_c2006 _bIcfai _aHyderabad |
||
| 300 | _ax, 210 | ||
| 650 | _aMergers,acquisitions,strategic,role,management | ||
| 942 | _cAA | ||
| 999 |
_c190643 _d190643 |
||